| 000 | 00678cam a22002413a 4500 | ||
|---|---|---|---|
| 001 | 15627 | ||
| 003 | PGUSA | ||
| 005 | 20140828083332.0 | ||
| 008 | 050415s2005||||xxu|||||s|||||000 1 eng d | ||
| 040 |
_aPGUSA _beng |
||
| 042 | _adc | ||
| 050 | 4 | _aPR | |
| 100 | 1 |
_aWood, Henry, _cMrs, _d1814-1887 |
|
| 245 | 1 | 0 |
_aVerner's Pride _h[electronic resource] / _cHenry, Wood |
| 260 |
_bProject Gutenberg, _c2005 |
||
| 506 | _aPublic domain in the USA. | ||
| 516 | _aElectronic text | ||
| 653 | _aInheritance and succession -- Fiction | ||
| 700 | 1 |
_aPiffard, Harold, _d-1938 |
|
| 830 | 0 |
_aProject Gutenberg _v15627 |
|
| 856 | 4 | 0 | _uhttp://www.gutenberg.org/ebooks/15627 |
| 942 | _cEB | ||
| 999 |
_c244882 _d244882 |
||